[Event "WYCC Girls 12"]
[Site "Porto Carras"]
[Date "2015.10.28"]
[Round "4.11"]
[White "Covrig, Larisa-Raluca"]
[Black "Asadi, Motahare"]
[Result "0-1"]
[BlackElo "1780"]
[WhiteElo "1644"]
[LiveChessVersion "1.4.6"]

1. d4 {[%clk 1:30:58]} d5 {[%clk 1:30:32]} 2. c4 {[%clk 1:30:46]} e6
{[%clk 1:30:56]} 3. Nc3 {[%clk 1:29:41]} Be7 {[%clk 1:31:16]} 4. Bf4
{[%clk 1:28:30]} Nf6 {[%clk 1:31:26]} 5. Nf3 {[%clk 1:28:03]} O-O
{[%clk 1:31:24]} 6. e3 {[%clk 1:26:34]} Nbd7 {[%clk 1:31:05]} 7. Be2
{[%clk 1:23:22]} dxc4 {[%clk 1:31:25]} 8. Bxc4 {[%clk 1:23:36]} a6
{[%clk 1:31:49]} 9. O-O {[%clk 1:21:34]} b5 {[%clk 1:32:05]} 10. Bb3
{[%clk 1:20:32]} Bb7 {[%clk 1:18:36]} 11. Rc1 {[%clk 1:13:16]} c5
{[%clk 1:18:50]} 12. d5 {[%clk 1:10:07]} exd5 {[%clk 0:54:58]} 13. Nxd5
{[%clk 1:09:57]} Nxd5 {[%clk 0:55:18]} 14. Bxd5 {[%clk 1:09:53]} Bxd5
{[%clk 0:55:27]} 15. Qxd5 {[%clk 1:10:06]} Nf6 {[%clk 0:54:23]} 16. Qb3
{[%clk 1:01:17]} Qd5 {[%clk 0:53:37]} 17. Qxd5 {[%clk 0:56:57]} Nxd5
{[%clk 0:53:55]} 18. Bg3 {[%clk 0:54:47]} c4 {[%clk 0:53:47]} 19. a4
{[%clk 0:50:59]} Bf6 {[%clk 0:53:35]} 20. e4 {[%clk 0:50:00]} Nb4
{[%clk 0:46:22]} 21. e5 {[%clk 0:45:57]} Be7 {[%clk 0:46:04]} 22. axb5
{[%clk 0:38:49]} axb5 {[%clk 0:46:00]} 23. Nd4 {[%clk 0:36:56]} Ra5
{[%clk 0:43:37]} 24. e6 {[%clk 0:34:36]} fxe6 {[%clk 0:25:51]} 25. Nxe6
{[%clk 0:34:52]} Rf6 {[%clk 0:26:12]} 26. Nd4 {[%clk 0:34:06]} Nd3
{[%clk 0:26:26]} 27. Rc2 {[%clk 0:32:44]} Bc5 {[%clk 0:23:47]} 28. Nf3
{[%clk 0:25:09]} Ra2 {[%clk 0:22:28]} 29. Rb1 {[%clk 0:23:49]} Rfa6
{[%clk 0:22:42]} 30. h3 {[%clk 0:22:54]} Ra1 {[%clk 0:22:07]} 31. Rxa1
{[%clk 0:22:29]} Rxa1+ {[%clk 0:22:32]} 32. Kh2 {[%clk 0:22:53]} Rb1
{[%clk 0:20:44]} 33. Be5 {[%clk 0:17:33]} Bxf2 {[%clk 0:10:37]} 34. Bd4
{[%clk 0:09:31]} Bxd4 {[%clk 0:03:38]} 35. Nxd4 {[%clk 0:07:57]} Rxb2
{[%clk 0:04:04]} 36. Rxb2 {[%clk 0:07:56]} Nxb2 {[%clk 0:04:29]} 37. Nxb5
{[%clk 0:08:18]} Kf7 {[%clk 0:04:54]} 38. Nc3 {[%clk 0:08:31]} Ke6
{[%clk 0:05:13]} 39. Kg3 {[%clk 0:08:54]} Ke5 {[%clk 0:05:36]} 40. Kg4
{[%clk 0:38:22]} Nd3 {[%clk 0:35:09]} 41. h4 {[%clk 0:37:06]} Nc5
{[%clk 0:34:41]} 42. Kf3 {[%clk 0:34:06]} Kd4 {[%clk 0:32:43]} 43. Nb5+
{[%clk 0:33:39]} Kd3 {[%clk 0:33:07]} 44. Kf4 {[%clk 0:33:56]} c3
{[%clk 0:28:11]} 45. Nxc3 {[%clk 0:34:00]} Kxc3 {[%clk 0:28:38]} 46. Ke5
{[%clk 0:34:04]} Kd3 {[%clk 0:27:35]} 47. g4 {[%clk 0:32:16]} Ke3
{[%clk 0:27:21]} 48. h5 {[%clk 0:30:41]} Kf3 {[%clk 0:26:49]} 49. Kf5
{[%clk 0:30:45]} Ne4 {[%clk 0:26:31]} 50. h6 {[%clk 0:25:14]} gxh6
{[%clk 0:26:24]} 0-1

[Event "WYCC Girls 12"]
[Site "Porto Carras"]
[Date "2015.10.28"]
[Round "4.12"]
[White "Ning, Kaiyu"]
[Black "Rinaudo, Giada"]
[Result "1-0"]
[BlackElo "1639"]
[WhiteElo "1768"]
[LiveChessVersion "1.4.6"]

1. e4 {[%clk 1:30:57]} d6 {[%clk 1:30:50]} 2. d4 {[%clk 1:31:17]} Nd7
{[%clk 1:31:05]} 3. Nc3 {[%clk 1:31:14]} c6 {[%clk 1:31:23]} 4. f4
{[%clk 1:31:29]} e5 {[%clk 1:30:36]} 5. Nf3 {[%clk 1:30:11]} exd4
{[%clk 1:30:46]} 6. Nxd4 {[%clk 1:29:50]} Ngf6 {[%clk 1:30:36]} 7. Be2
{[%clk 1:25:48]} Qe7 {[%clk 1:26:06]} 8. Nf5 {[%clk 1:22:21]} Qe6
{[%clk 1:23:49]} 9. Nd4 {[%clk 1:18:33]} Qe7 {[%clk 1:24:01]} 10. Bf3
{[%clk 1:18:43]} g6 {[%clk 1:22:56]} 11. O-O {[%clk 1:18:37]} Bg7
{[%clk 1:22:52]} 12. Kh1 {[%clk 1:18:04]} O-O {[%clk 1:22:53]} 13. Re1
{[%clk 1:17:26]} Re8 {[%clk 1:17:01]} 14. Be3 {[%clk 1:15:35]} Nc5
{[%clk 1:13:37]} 15. Nb3 {[%clk 1:13:36]} Ncxe4 {[%clk 1:10:45]} 16. Nxe4
{[%clk 1:13:25]} Nxe4 {[%clk 1:10:22]} 17. Bxe4 {[%clk 1:13:50]} Qxe4
{[%clk 1:10:20]} 18. Bf2 {[%clk 1:14:06]} Bg4 {[%clk 1:06:06]} 19. Rxe4
{[%clk 1:11:43]} Bxd1 {[%clk 1:06:20]} 20. Rxe8+ {[%clk 1:12:09]} Rxe8
{[%clk 1:06:40]} 21. Rxd1 {[%clk 1:12:33]} d5 {[%clk 1:06:13]} 22. Re1
{[%clk 1:10:53]} Rxe1+ {[%clk 1:05:19]} 23. Bxe1 {[%clk 1:11:20]} Bxb2
{[%clk 1:05:37]} 24. Bf2 {[%clk 1:11:26]} b6 {[%clk 1:05:49]} 25. Nd4
{[%clk 1:10:30]} c5 {[%clk 1:02:58]} 26. Nc6 {[%clk 1:10:53]} Kf8
{[%clk 1:02:02]} 27. Nxa7 {[%clk 1:11:17]} d4 {[%clk 1:01:45]} 28. Nc8
{[%clk 1:08:44]} b5 {[%clk 1:01:17]} 29. Nd6 {[%clk 0:57:41]} c4 {[%clk 0:58:27]}
30. Nxb5 {[%clk 0:57:51]} d3 {[%clk 0:57:39]} 31. cxd3 {[%clk 0:58:10]} c3
{[%clk 0:57:39]} 32. Bd4 {[%clk 0:58:30]} c2 {[%clk 0:57:32]} 33. Bxb2
{[%clk 0:58:55]} Ke8 {[%clk 0:57:53]} 34. Nd4 {[%clk 0:59:18]} 1-0

[Event "WYCC Girls 12"]
[Site "Porto Carras"]
[Date "2015.10.29"]
[Round "5.1"]
[White "Solozhenkina, Elizaveta"]
[Black "Duran, Esma Doga"]
[Result "0-1"]
[BlackElo "1876"]
[WhiteElo "2062"]
[LiveChessVersion "1.4.6"]

1. Nf3 {[%clk 1:30:57]} d5 {[%clk 1:30:52]} 2. g3 {[%clk 1:31:22]} c6
{[%clk 1:31:01]} 3. Bg2 {[%clk 1:31:37]} Bg4 {[%clk 1:30:58]} 4. O-O
{[%clk 1:30:51]} e6 {[%clk 1:31:11]} 5. d3 {[%clk 1:30:18]} Nd7 {[%clk 1:31:23]}
6. Nbd2 {[%clk 1:30:13]} Ngf6 {[%clk 1:31:28]} 7. h3 {[%clk 1:22:18]} Bh5
{[%clk 1:29:06]} 8. Qe1 {[%clk 1:16:03]} Be7 {[%clk 1:27:28]} 9. e4
{[%clk 1:15:44]} dxe4 {[%clk 1:20:19]} 10. dxe4 {[%clk 1:12:05]} O-O
{[%clk 1:20:38]} 11. b3 {[%clk 1:11:08]} Qc7 {[%clk 1:16:47]} 12. Bb2
{[%clk 1:11:17]} Rfd8 {[%clk 1:14:16]} 13. Nc4 {[%clk 1:05:54]} Nb6
{[%clk 0:59:27]} 14. Nce5 {[%clk 0:59:09]} Nfd7 {[%clk 0:52:51]} 15. g4
{[%clk 0:49:20]} Bg6 {[%clk 0:52:23]} 16. h4 {[%clk 0:38:39]} f6 {[%clk 0:47:30]}
17. Nxg6 {[%clk 0:34:34]} hxg6 {[%clk 0:47:59]} 18. Rd1 {[%clk 0:30:58]} Nf8
{[%clk 0:46:51]} 19. Qe3 {[%clk 0:30:36]} Rxd1 {[%clk 0:45:05]} 20. Rxd1
{[%clk 0:31:05]} Rd8 {[%clk 0:45:23]} 21. Rd3 {[%clk 0:29:32]} e5
{[%clk 0:38:03]} 22. Ne1 {[%clk 0:24:34]} Ne6 {[%clk 0:37:26]} 23. Rxd8+
{[%clk 0:24:58]} Qxd8 {[%clk 0:37:45]} 24. Nd3 {[%clk 0:25:21]} Qd6
{[%clk 0:33:49]} 25. a4 {[%clk 0:23:35]} Nd4 {[%clk 0:31:04]} 26. Bxd4
{[%clk 0:20:48]} Qxd4 {[%clk 0:31:14]} 27. Qxd4 {[%clk 0:19:31]} exd4
{[%clk 0:31:43]} 28. f4 {[%clk 0:17:25]} Kf7 {[%clk 0:29:30]} 29. g5
{[%clk 0:16:20]} Nd7 {[%clk 0:28:31]} 30. Kf2 {[%clk 0:15:10]} Nc5
{[%clk 0:26:40]} 31. Nc1 {[%clk 0:13:27]} Ke6 {[%clk 0:24:49]} 32. Ne2
{[%clk 0:12:39]} d3 {[%clk 0:24:03]} 33. Nd4+ {[%clk 0:13:08]} Kf7
{[%clk 0:23:35]} 34. cxd3 {[%clk 0:09:32]} Nxd3+ {[%clk 0:24:02]} 35. Ke3
{[%clk 0:09:59]} Ne1 {[%clk 0:19:10]} 36. Kf2 {[%clk 0:09:43]} Nxg2
{[%clk 0:17:45]} 37. Kxg2 {[%clk 0:10:12]} Bc5 {[%clk 0:18:02]} 38. Ne2
{[%clk 0:06:28]} b5 {[%clk 0:16:34]} 39. axb5 {[%clk 0:04:31]} cxb5
{[%clk 0:17:02]} 40. Nc3 {[%clk 0:34:58]} a6 {[%clk 0:47:00]} 41. Nd5
{[%clk 0:29:50]} a5 {[%clk 0:32:12]} 42. Nc3 {[%clk 0:28:16]} b4 {[%clk 0:32:21]}
43. Nd5 {[%clk 0:27:23]} Bd4 {[%clk 0:32:15]} 44. Nc7 {[%clk 0:23:10]} Ke7
{[%clk 0:24:58]} 45. gxf6+ {[%clk 0:20:01]} Bxf6 {[%clk 0:20:45]} 46. Nd5+
{[%clk 0:14:05]} Kd6 {[%clk 0:19:53]} 47. Nb6 {[%clk 0:14:13]} Bd8
{[%clk 0:18:49]} 48. Na4 {[%clk 0:11:54]} Bxh4 {[%clk 0:18:55]} 49. Kf3
{[%clk 0:10:56]} Bd8 {[%clk 0:18:49]} 50. Kg4 {[%clk 0:10:51]} Kc6
{[%clk 0:17:37]} 51. Kf3 {[%clk 0:07:36]} g5 {[%clk 0:16:08]} 52. f5
{[%clk 0:06:33]} Bf6 {[%clk 0:16:15]} 53. Kg4 {[%clk 0:06:34]} Kd6
{[%clk 0:16:23]} 54. Kf3 {[%clk 0:03:34]} Ke5 {[%clk 0:16:04]} 55. Nc5
{[%clk 0:03:02]} Bd8 {[%clk 0:14:33]} 56. Nd3+ {[%clk 0:01:37]} Kd4
{[%clk 0:14:50]} 57. Nc1 {[%clk 0:01:54]} Kc3 {[%clk 0:14:55]} 58. e5
{[%clk 0:02:12]} Kc2 {[%clk 0:14:49]} 59. Ne2 {[%clk 0:02:37]} Kxb3
{[%clk 0:14:47]} 60. Nd4+ {[%clk 0:02:42]} Kc4 {[%clk 0:14:52]} 61. Nc6
{[%clk 0:03:00]} b3 {[%clk 0:14:55]} 62. e6 {[%clk 0:01:38]} b2 {[%clk 0:15:12]}
63. Nxa5+ {[%clk 0:01:53]} Kb5 {[%clk 0:15:15]} 0-1

[Event "WYCC Girls 12"]
[Site "Porto Carras"]
[Date "2015.10.29"]
[Round "5.2"]
[White "Hovhannisyan, Mane"]
[Black "Yip, Carissa"]
[Result "0-1"]
[BlackElo "2007"]
[WhiteElo "1590"]
[LiveChessVersion "1.4.6"]

1. d4 {[%clk 1:30:57]} Nf6 {[%clk 1:30:51]} 2. Nf3 {[%clk 1:31:24]} g6
{[%clk 1:31:13]} 3. Bf4 {[%clk 1:31:52]} Bg7 {[%clk 1:31:36]} 4. e3
{[%clk 1:32:20]} O-O {[%clk 1:31:58]} 5. h3 {[%clk 1:32:49]} d6 {[%clk 1:32:20]}
6. Be2 {[%clk 1:33:16]} Nc6 {[%clk 1:32:41]} 7. O-O {[%clk 1:33:30]} Nd7
{[%clk 1:33:04]} 8. c4 {[%clk 1:33:35]} e5 {[%clk 1:33:24]} 9. Bh2
{[%clk 1:33:54]} f5 {[%clk 1:33:11]} 10. dxe5 {[%clk 1:32:53]} dxe5
{[%clk 1:32:07]} 11. Nc3 {[%clk 1:31:36]} g5 {[%clk 1:27:34]} 12. Rb1
{[%clk 1:18:36]} h5 {[%clk 1:24:05]} 13. Nd5 {[%clk 1:12:18]} g4 {[%clk 1:22:43]}
14. hxg4 {[%clk 1:06:41]} hxg4 {[%clk 1:22:24]} 15. Nd2 {[%clk 1:03:27]} Nf6
{[%clk 1:21:34]} 16. Nxf6+ {[%clk 0:59:43]} Rxf6 {[%clk 1:21:09]} 17. Qc2
{[%clk 0:49:18]} Rh6 {[%clk 1:14:24]} 18. Bg3 {[%clk 0:47:47]} Qg5
{[%clk 1:10:38]} 19. f4 {[%clk 0:43:21]} exf4 {[%clk 1:00:26]} 20. Bxf4
{[%clk 0:41:05]} Qh4 {[%clk 1:00:54]} 21. Bxg4 {[%clk 0:40:17]} fxg4
{[%clk 0:58:36]} 22. Bxh6 {[%clk 0:40:21]} Nd4 {[%clk 0:56:10]} 23. Qd3
{[%clk 0:31:24]} g3 {[%clk 0:54:57]} 24. Nf3 {[%clk 0:28:18]} Nxf3+
{[%clk 0:55:09]} 25. Rxf3 {[%clk 0:27:47]} Qh2+ {[%clk 0:55:29]} 26. Kf1
{[%clk 0:28:04]} Qh1+ {[%clk 0:55:56]} 27. Ke2 {[%clk 0:28:25]} Qxg2+
{[%clk 0:56:24]} 28. Ke1 {[%clk 0:28:10]} Qxf3 {[%clk 0:56:22]} 29. Qd8+
{[%clk 0:26:46]} Kh7 {[%clk 0:55:53]} 30. Bxg7 {[%clk 0:26:50]} Qf2+
{[%clk 0:56:17]} 31. Kd1 {[%clk 0:27:01]} Bg4+ {[%clk 0:56:44]} 0-1

[Event "WYCC Girls 12"]
[Site "Porto Carras"]
[Date "2015.10.29"]
[Round "5.3"]
[White "Salonika, Saina"]
[Black "Beydullayeva, Govhar"]
[Result "1/2-1/2"]
[BlackElo "1831"]
[WhiteElo "1858"]
[LiveChessVersion "1.4.6"]

1. e4 {[%clk 1:30:40]} c5 {[%clk 1:30:31]} 2. Nc3 {[%clk 1:30:56]} Nc6
{[%clk 1:30:15]} 3. f4 {[%clk 1:30:52]} g6 {[%clk 1:28:51]} 4. Nf3
{[%clk 1:31:03]} Bg7 {[%clk 1:29:01]} 5. Bb5 {[%clk 1:31:15]} Nd4
{[%clk 1:28:16]} 6. O-O {[%clk 1:31:24]} a6 {[%clk 1:26:04]} 7. Bc4
{[%clk 1:31:19]} e6 {[%clk 1:25:55]} 8. d3 {[%clk 1:29:41]} Ne7 {[%clk 1:24:48]}
9. Nxd4 {[%clk 1:28:52]} cxd4 {[%clk 1:24:56]} 10. Ne2 {[%clk 1:28:25]} d5
{[%clk 1:24:29]} 11. Bb3 {[%clk 1:28:09]} dxe4 {[%clk 1:19:18]} 12. dxe4
{[%clk 1:27:54]} Qb6 {[%clk 1:14:21]} 13. Kh1 {[%clk 1:22:00]} O-O
{[%clk 1:11:31]} 14. Qe1 {[%clk 1:16:42]} Qc6 {[%clk 0:59:42]} 15. e5
{[%clk 1:05:40]} Nf5 {[%clk 0:42:05]} 16. Qf2 {[%clk 0:48:56]} Rd8
{[%clk 0:36:56]} 17. Rd1 {[%clk 0:46:47]} Qe4 {[%clk 0:36:25]} 18. Nc3
{[%clk 0:45:59]} Qc6 {[%clk 0:36:36]} 19. Ne2 {[%clk 0:46:07]} Qe4
{[%clk 0:36:54]} 20. Nc3 {[%clk 0:34:27]} Qc6 {[%clk 0:37:08]} 21. Ne2
{[%clk 0:34:39]} Qe4 {[%clk 0:37:19]} 22. Nc3 {[%clk 0:34:32]} Qc6
{[%clk 0:37:43]} 23. Ne2 1/2-1/2

[Event "WYCC Girls 12"]
[Site "Porto Carras"]
[Date "2015.10.29"]
[Round "5.4"]
[White "Salimova, Nurgyul"]
[Black "Berdnyk, Mariia"]
[Result "1-0"]
[BlackElo "1822"]
[WhiteElo "2144"]
[LiveChessVersion "1.4.6"]

1. d4 {[%clk 1:30:57]} d5 {[%clk 1:30:55]} 2. c4 {[%clk 1:30:41]} c6
{[%clk 1:31:15]} 3. e3 {[%clk 1:31:04]} Nf6 {[%clk 1:31:34]} 4. Nc3
{[%clk 1:31:29]} e6 {[%clk 1:31:56]} 5. Nf3 {[%clk 1:31:55]} Nbd7
{[%clk 1:32:19]} 6. Bd3 {[%clk 1:32:16]} dxc4 {[%clk 1:32:44]} 7. Bxc4
{[%clk 1:32:44]} b5 {[%clk 1:32:54]} 8. Bd3 {[%clk 1:33:07]} Bb7 {[%clk 1:33:09]}
9. O-O {[%clk 1:33:13]} Bd6 10. e4 {[%clk 1:32:03]} b4 {[%clk 1:25:18]} 11. Na4
{[%clk 1:30:39]} e5 {[%clk 1:24:37]} 12. Qb3 {[%clk 1:24:25]} exd4
{[%clk 1:11:26]} 13. e5 {[%clk 1:21:49]} Nxe5 {[%clk 1:10:18]} 14. Nxe5
{[%clk 1:21:02]} Bxe5 {[%clk 1:10:40]} 15. Re1 {[%clk 1:18:07]} Ng4
{[%clk 1:09:22]} 16. Bf4 {[%clk 1:17:30]} Qf6 {[%clk 1:03:27]} 17. Bxe5
{[%clk 1:15:04]} Nxe5 {[%clk 0:55:59]} 18. Qxb4 {[%clk 1:14:58]} O-O-O
{[%clk 0:55:51]} 19. Nc5 {[%clk 1:14:46]} Ba8 {[%clk 0:55:52]} 20. Ba6+
{[%clk 1:14:36]} Kc7 {[%clk 0:55:29]} 21. Qa5+ {[%clk 1:15:05]} Kb8
{[%clk 0:55:31]} 22. Rxe5 {[%clk 1:15:24]} Qd6 {[%clk 0:46:41]} 23. Rae1
{[%clk 1:14:59]} Qc7 {[%clk 0:46:55]} 24. Qxc7+ {[%clk 1:14:27]} Kxc7
{[%clk 0:47:15]} 25. Re7+ {[%clk 1:14:29]} Kb6 {[%clk 0:47:01]} 26. b4
{[%clk 1:14:58]} Rd5 {[%clk 0:42:19]} 27. Bc4 {[%clk 1:15:20]} Rxc5
{[%clk 0:42:20]} 28. bxc5+ {[%clk 1:15:48]} Kxc5 {[%clk 0:42:45]} 29. Bxf7
{[%clk 1:16:13]} Rd8 {[%clk 0:42:01]} 30. Rxa7 {[%clk 1:16:26]} d3
{[%clk 0:42:00]} 31. Ra3 {[%clk 1:15:56]} Kd4 {[%clk 0:38:16]} 32. Rd1
{[%clk 1:16:17]} Ke4 {[%clk 0:38:35]} 33. Bc4 {[%clk 1:16:33]} d2
{[%clk 0:38:57]} 34. Re3+ {[%clk 1:16:52]} Kf4 {[%clk 0:38:16]} 35. g3+
{[%clk 1:17:09]} Kg4 {[%clk 0:38:16]} 36. Rd3 {[%clk 1:17:32]} Re8
{[%clk 0:38:19]} 37. R3xd2 {[%clk 1:17:58]} c5 {[%clk 0:38:23]} 38. Rd8
{[%clk 1:18:23]} 1-0

[Event "WYCC Girls 12"]
[Site "Porto Carras"]
[Date "2015.10.29"]
[Round "5.5"]
[White "Laurincova, Kristyna"]
[Black "Hercog, Nusa"]
[Result "0-1"]
[BlackElo "1790"]
[WhiteElo "1717"]
[LiveChessVersion "1.4.6"]

1. e4 {[%clk 1:30:58]} c5 {[%clk 1:30:50]} 2. Nf3 {[%clk 1:31:21]} e6
{[%clk 1:31:07]} 3. d4 {[%clk 1:31:44]} cxd4 {[%clk 1:31:30]} 4. Nxd4
{[%clk 1:32:06]} Nc6 {[%clk 1:31:49]} 5. Nc3 {[%clk 1:32:29]} Qc7
{[%clk 1:32:08]} 6. Be2 {[%clk 1:32:45]} a6 {[%clk 1:32:22]} 7. O-O
{[%clk 1:32:38]} Nf6 {[%clk 1:32:30]} 8. Be3 {[%clk 1:33:00]} Bb4
{[%clk 1:32:26]} 9. f4 {[%clk 1:29:23]} d6 {[%clk 1:27:35]} 10. Nxc6
{[%clk 1:20:56]} bxc6 {[%clk 1:18:55]} 11. f5 O-O {[%clk 1:00:19]} 12. fxe6
{[%clk 1:10:56]} Bxe6 {[%clk 0:55:00]} 13. Qe1 {[%clk 1:04:50]} Nxe4
{[%clk 0:47:41]} 14. Bd3 {[%clk 1:03:58]} f5 {[%clk 0:42:56]} 15. Rf4
{[%clk 0:56:48]} Bxc3 {[%clk 0:40:37]} 16. bxc3 {[%clk 0:56:55]} d5
{[%clk 0:40:11]} 17. Bxe4 {[%clk 0:53:50]} fxe4 {[%clk 0:40:00]} 18. Qg3
{[%clk 0:52:28]} Rxf4 {[%clk 0:36:36]} 19. Bxf4 {[%clk 0:52:36]} Qb6+
{[%clk 0:35:40]} 20. Kh1 {[%clk 0:47:29]} Qb2 {[%clk 0:34:37]} 21. Rc1
{[%clk 0:44:47]} Rf8 {[%clk 0:33:13]} 22. h4 {[%clk 0:41:05]} Kh8
{[%clk 0:29:55]} 23. Kh2 {[%clk 0:40:34]} Qb7 {[%clk 0:25:14]} 24. h5
{[%clk 0:38:10]} h6 {[%clk 0:19:30]} 25. Bxh6 {[%clk 0:37:29]} gxh6
{[%clk 0:19:11]} 26. Qe5+ {[%clk 0:37:47]} Qg7 {[%clk 0:18:53]} 27. Qxe6
{[%clk 0:38:00]} Rg8 {[%clk 0:18:30]} 28. g4 {[%clk 0:36:20]} Qg5
{[%clk 0:18:03]} 29. Rf1 {[%clk 0:31:44]} Qh4+ {[%clk 0:17:48]} 30. Kg2
{[%clk 0:30:17]} Rxg4+ {[%clk 0:18:00]} 0-1

[Event "WYCC Girls 12"]
[Site "Porto Carras"]
[Date "2015.10.29"]
[Round "5.6"]
[White "Asadi, Motahare"]
[Black "Samadashvili, Martha"]
[Result "1-0"]
[BlackElo "1711"]
[WhiteElo "1780"]
[LiveChessVersion "1.4.6"]

1. d4 {[%clk 1:30:31]} d5 {[%clk 1:30:54]} 2. Nf3 {[%clk 1:30:54]} Nf6
{[%clk 1:28:33]} 3. c4 {[%clk 1:31:11]} c6 {[%clk 1:28:07]} 4. Qc2
{[%clk 1:15:08]} dxc4 {[%clk 1:21:01]} 5. e3 {[%clk 1:14:19]} b5 {[%clk 1:16:16]}
6. a4 {[%clk 1:11:56]} a5 {[%clk 0:50:56]} 7. axb5 {[%clk 1:07:47]} cxb5
{[%clk 0:50:41]} 8. b3 {[%clk 1:08:08]} Bb7 {[%clk 0:38:27]} 9. bxc4
{[%clk 1:07:40]} b4 {[%clk 0:38:42]} 10. d5 {[%clk 1:07:10]} Qc7 {[%clk 0:35:52]}
11. Qa4+ {[%clk 1:06:48]} Qd7 {[%clk 0:32:47]} 12. Nd4 {[%clk 1:05:17]} Ne4
{[%clk 0:19:49]} 13. Nb3 {[%clk 1:03:38]} e6 {[%clk 0:15:17]} 14. dxe6
{[%clk 1:03:21]} fxe6 {[%clk 0:15:42]} 15. Qxd7+ {[%clk 1:03:38]} Nxd7
{[%clk 0:15:16]} 16. Rxa5 {[%clk 1:03:56]} Rxa5 {[%clk 0:15:24]} 17. Nxa5
{[%clk 1:04:14]} Ba6 {[%clk 0:15:00]} 18. Nb3 {[%clk 1:02:54]} Ne5
{[%clk 0:11:10]} 19. N1d2 {[%clk 0:59:34]} Nxd2 {[%clk 0:10:16]} 20. Nxd2
{[%clk 0:59:55]} Kf7 {[%clk 0:09:56]} 21. Bb2 {[%clk 0:59:46]} Nd7
{[%clk 0:09:37]} 22. Nb3 {[%clk 0:59:41]} Nc5 {[%clk 0:08:59]} 23. Nxc5
{[%clk 0:43:53]} Bxc5 {[%clk 0:09:27]} 24. Bd3 {[%clk 0:44:12]} Rc8
{[%clk 0:03:46]} 25. Ke2 {[%clk 0:43:58]} Bd6 {[%clk 0:03:18]} 26. Rc1
{[%clk 0:43:00]} g6 {[%clk 0:02:54]} 27. f4 {[%clk 0:43:13]} Ke7 {[%clk 0:02:09]}
28. Bd4 {[%clk 0:43:07]} Bc5 {[%clk 0:01:58]} 29. Kd2 {[%clk 0:42:46]} Bb7
{[%clk 0:01:40]} 30. g3 {[%clk 0:42:10]} Kd6 {[%clk 0:01:42]} 31. Ra1
{[%clk 0:41:48]} Ra8 {[%clk 0:01:10]} 32. Rxa8 {[%clk 0:34:51]} Bxa8
{[%clk 0:01:40]} 33. Kc2 {[%clk 0:35:19]} Bb7 {[%clk 0:01:26]} 34. Kb3
{[%clk 0:35:38]} Bc6 {[%clk 0:01:49]} 35. h4 {[%clk 0:35:30]} Bf3
{[%clk 0:01:39]} 36. Bc2 {[%clk 0:33:02]} Be2 {[%clk 0:02:03]} 37. Bb1
{[%clk 0:31:09]} Bd1+ {[%clk 0:02:24]} 38. Kb2 {[%clk 0:31:31]} Be2
{[%clk 0:02:50]} 39. Ba2 {[%clk 0:31:40]} Bf3 {[%clk 0:01:48]} 40. Bb3
{[%clk 1:01:22]} Be2 {[%clk 0:32:09]} 41. Kc2 {[%clk 1:01:19]} Bg4
{[%clk 0:31:28]} 42. Kd3 {[%clk 1:01:30]} Bh3 {[%clk 0:31:19]} 43. Ke2
{[%clk 0:47:01]} Bg4+ {[%clk 0:31:40]} 44. Kf2 {[%clk 0:45:21]} Bh5
{[%clk 0:31:02]} 45. Ke1 {[%clk 0:41:22]} Bg4 {[%clk 0:29:02]} 46. Kd2
{[%clk 0:40:48]} Bh3 {[%clk 0:16:45]} 47. Bd1 {[%clk 0:37:48]} h5
{[%clk 0:13:59]} 48. Bc2 {[%clk 0:37:34]} Bf5 {[%clk 0:14:13]} 49. Bxf5
{[%clk 0:37:52]} gxf5 {[%clk 0:14:11]} 50. Kc2 {[%clk 0:38:07]} Kc6
{[%clk 0:12:52]} 51. Bxc5 {[%clk 0:38:26]} Kxc5 {[%clk 0:13:17]} 52. Kb3
{[%clk 0:38:50]} Kc6 {[%clk 0:13:23]} 53. Kxb4 {[%clk 0:39:14]} 1-0

[Event "WYCC Girls 12"]
[Site "Porto Carras"]
[Date "2015.10.29"]
[Round "5.7"]
[White "Dejanovic, Tereza"]
[Black "Ning, Kaiyu"]
[Result "0-1"]
[BlackElo "1768"]
[WhiteElo "1703"]
[LiveChessVersion "1.4.6"]

1. e4 {[%clk 1:30:58]} e6 {[%clk 1:30:51]} 2. d4 {[%clk 1:31:23]} d5
{[%clk 1:31:14]} 3. Nd2 {[%clk 1:31:48]} Nc6 {[%clk 1:31:17]} 4. Ngf3
{[%clk 1:32:10]} Nf6 {[%clk 1:31:35]} 5. e5 {[%clk 1:32:34]} Nd7 {[%clk 1:32:00]}
6. Be2 {[%clk 1:32:43]} f6 {[%clk 1:31:59]} 7. exf6 {[%clk 1:33:07]} Qxf6
{[%clk 1:32:22]} 8. Nf1 {[%clk 1:33:23]} Bd6 {[%clk 1:31:48]} 9. Ne3
{[%clk 1:33:34]} O-O {[%clk 1:31:06]} 10. O-O {[%clk 1:33:55]} h6
{[%clk 1:29:53]} 11. c4 {[%clk 1:31:51]} dxc4 {[%clk 1:29:01]} 12. Bxc4
{[%clk 1:27:32]} Nb6 {[%clk 1:28:05]} 13. Bb3 {[%clk 1:26:51]} Kh8
{[%clk 1:25:27]} 14. a3 {[%clk 1:24:04]} e5 {[%clk 1:19:47]} 15. d5
{[%clk 1:14:18]} Ne7 {[%clk 1:19:56]} 16. Bc2 {[%clk 1:12:14]} g6
{[%clk 1:11:08]} 17. Bd2 {[%clk 1:08:25]} Bf5 {[%clk 1:00:22]} 18. Bxf5
{[%clk 1:04:45]} gxf5 {[%clk 1:00:06]} 19. Bc3 {[%clk 1:04:16]} Kh7
{[%clk 0:59:39]} 20. Qd2 {[%clk 1:01:44]} Na4 {[%clk 0:52:51]} 21. Rad1
{[%clk 0:48:12]} Nxc3 {[%clk 0:52:28]} 22. Qxc3 {[%clk 0:48:04]} Ng6
{[%clk 0:47:53]} 23. Rfe1 {[%clk 0:44:23]} Rae8 {[%clk 0:47:23]} 24. Nc4
{[%clk 0:41:27]} Re7 {[%clk 0:46:51]} 25. Rd2 {[%clk 0:37:10]} Qg7
{[%clk 0:44:26]} 26. Nxd6 {[%clk 0:36:57]} cxd6 {[%clk 0:44:50]} 27. Qb4
{[%clk 0:36:06]} Rd7 {[%clk 0:43:55]} 28. Rc1 {[%clk 0:31:19]} Nf4
{[%clk 0:42:27]} 29. g3 {[%clk 0:28:12]} e4 {[%clk 0:35:45]} 30. Ne1
{[%clk 0:26:12]} Qg5 {[%clk 0:33:26]} 31. Qd4 {[%clk 0:20:36]} Ne2+
{[%clk 0:32:59]} 32. Rxe2 {[%clk 0:20:56]} Qxc1 {[%clk 0:33:24]} 33. Qxa7
{[%clk 0:20:20]} Qd1 {[%clk 0:33:00]} 34. Qe3 {[%clk 0:19:24]} Qxd5
{[%clk 0:33:23]} 35. Rd2 {[%clk 0:18:57]} Qe6 {[%clk 0:33:24]} 36. Nc2
{[%clk 0:18:13]} Qg6 {[%clk 0:30:23]} 37. Qf4 {[%clk 0:17:45]} d5
{[%clk 0:26:21]} 38. Nd4 {[%clk 0:16:34]} Qd6 {[%clk 0:23:50]} 39. Qh4
{[%clk 0:14:21]} Qe5 {[%clk 0:23:43]} 40. Qf4 {[%clk 0:43:09]} Qxf4
{[%clk 0:52:09]} 41. gxf4 {[%clk 0:43:38]} Kg6 {[%clk 0:51:41]} 42. h3
{[%clk 0:41:05]} Kf6 {[%clk 0:52:02]} 43. a4 {[%clk 0:40:41]} Rc8
{[%clk 0:51:32]} 44. Rd1 {[%clk 0:38:04]} Rg7+ {[%clk 0:51:16]} 45. Kf1
{[%clk 0:37:51]} Rc4 {[%clk 0:48:31]} 46. a5 {[%clk 0:37:02]} Ra4
{[%clk 0:48:00]} 47. Nb3 {[%clk 0:36:56]} Rb4 {[%clk 0:47:49]} 48. Nc5
{[%clk 0:36:54]} d4 {[%clk 0:43:54]} 49. b3 {[%clk 0:36:25]} d3 {[%clk 0:43:45]}
50. f3 {[%clk 0:35:53]} Rb5 {[%clk 0:43:20]} 51. Na4 {[%clk 0:34:51]} Rxa5
{[%clk 0:43:14]} 52. fxe4 {[%clk 0:35:09]} fxe4 {[%clk 0:43:40]} 53. Kf2
{[%clk 0:35:23]} Kf5 {[%clk 0:44:02]} 54. Ke3 {[%clk 0:34:05]} Rg3+
{[%clk 0:43:34]} 55. Kf2 {[%clk 0:34:25]} Kxf4 {[%clk 0:43:58]} 0-1